000
00276nam a22001217a 4500
003
OSt
082
_a
ICAR/DCR/AR/2012-13
245
_a
Annual Report 2012-13
260
_a
Karnataka
_b
Directorate of cashew research
300
_a
86 p.
546
_a
English
942
_2
ddc
_c
REP
999
_c
161377
_d
161377